[Event "DEM U10w 2025"]
[Site "Willingen GER"]
[Date "2025.06.11"]
[Round "6"]
[White "Dimkova, Anna"]
[Black "Kruijssen, Hilde"]
[Result "1-0"]
[Termination "normal"]
[Board "15"]
[WhiteElo "1037"]
[BlackElo "1457"]
[WhiteClock "01:19:39"]
[BlackClock "01:00:53"]
[PlyCount "35"]
[WhiteFideId "533043531"]
[BlackFideId "40100090"]
[EventCountry "GER"]
[EventRounds "9"]
[EventType "swiss"]
[EventDate "2025.06.07"]

1. e4 {[%clk 01:30:58]} {[%emt 00:00:01]} e5 {[%clk 01:30:53]} {[%emt
00:00:07]} 2. Nf3 {[%clk 01:31:16]} {[%emt 00:00:13]} Nc6 {[%clk 01:31:12]}
{[%emt 00:00:11]} 3. Nc3 {[%clk 01:31:40]} {[%emt 00:00:07]} Nf6 {[%clk
01:31:31]} {[%emt 00:00:10]} 4. d4 {[%clk 01:32:01]} {[%emt 00:00:09]} exd4
{[%clk 01:31:53]} {[%emt 00:00:08]} 5. Nxd4 {[%clk 01:32:22]} {[%emt 00:00:10]}
Bb4 {[%clk 01:32:10]} {[%emt 00:00:12]} 6. Nxc6 {[%clk 01:32:43]} {[%emt
00:00:08]} bxc6 {[%clk 01:32:29]} {[%emt 00:00:12]} 7. Bd3 {[%clk 01:33:01]}
{[%emt 00:00:12]} O-O {[%clk 01:32:43]} {[%emt 00:00:16]} 8. O-O {[%clk
01:33:13]} {[%emt 00:00:19]} d5 {[%clk 01:32:49]} {[%emt 00:00:24]} 9. exd5
{[%clk 01:33:26]} {[%emt 00:00:15]} cxd5 {[%clk 01:32:54]} {[%emt 00:00:27]}
10. Bg5 {[%clk 01:33:34]} {[%emt 00:00:22]} Be6 {[%clk 01:33:09]} {[%emt
00:00:15]} 11. Qf3 {[%clk 01:33:15]} {[%emt 00:00:49]} Be7 {[%clk 01:24:32]}
{[%emt 00:09:07]} 12. Rfe1 {[%clk 01:31:15]} {[%emt 00:02:30]} h6 {[%clk
01:21:33]} {[%emt 00:03:25]} 13. Bh4 {[%clk 01:25:25]} {[%emt 00:06:24]} d4
{[%clk 01:18:16]} {[%emt 00:03:47]} 14. Ne4 {[%clk 01:22:34]} {[%emt 00:03:21]}
Nxe4 {[%clk 01:16:31]} {[%emt 00:02:15]} 15. Bxe7 {[%clk 01:19:17]} {[%emt
00:03:46]} Qxe7 {[%clk 01:11:41]} {[%emt 00:05:21]} 16. Qxe4 {[%clk 01:19:10]}
{[%emt 00:00:35]} Rfd8 {[%clk 01:04:00]} {[%emt 00:08:11]} 17. Qh7+ {[%clk
01:19:18]} {[%emt 00:00:24]} Kf8 {[%clk 01:00:53]} {[%emt 00:03:37]} 18. Qh8#
{[%clk 01:19:39]} {[%emt 00:00:08]} 1-0

[Event "DEM U10w 2025"]
[Site "Willingen GER"]
[Date "2025.06.11"]
[Round "6"]
[White "Seyedfakhari, Elena"]
[Black "He, Siqi"]
[Result "0-1"]
[Termination "normal"]
[Board "16"]
[WhiteElo "1477"]
[BlackElo "952"]
[WhiteClock "01:06:13"]
[BlackClock "01:08:35"]
[PlyCount "26"]
[WhiteFideId "34639888"]
[BlackFideId "34682708"]
[EventCountry "GER"]
[EventRounds "9"]
[EventType "swiss"]
[EventDate "2025.06.07"]

1. e4 {[%clk 01:30:54]} {[%emt 00:00:05]} e5 {[%clk 01:30:06]} {[%emt
00:00:55]} 2. Nf3 {[%clk 01:29:59]} {[%emt 00:01:20]} Nc6 {[%clk 01:27:55]}
{[%emt 00:02:45]} 3. Nc3 {[%clk 01:27:33]} {[%emt 00:02:47]} Nf6 {[%clk
01:28:04]} {[%emt 00:00:30]} 4. Bb5 {[%clk 01:24:59]} {[%emt 00:03:04]} Nd4
{[%clk 01:24:59]} {[%emt 00:03:34]} 5. Bc4 {[%clk 01:24:48]} {[%emt 00:00:42]}
d6 {[%clk 01:23:08]} {[%emt 00:02:21]} 6. Nd5 {[%clk 01:22:00]} {[%emt
00:03:05]} Nxe4 {[%clk 01:21:07]} {[%emt 00:02:42]} 7. O-O {[%clk 01:18:24]}
{[%emt 00:04:07]} Bg4 {[%clk 01:16:19]} {[%emt 00:05:19]} 8. Qe1 {[%clk
01:16:35]} {[%emt 00:02:09]} Nxf3+ {[%clk 01:13:51]} {[%emt 00:03:08]} 9. gxf3
{[%clk 01:16:09]} {[%emt 00:00:56]} Bxf3 {[%emt 00:03:27]} 10. Qe3 {[%clk
01:16:03]} {[%emt 00:00:11]} Qg5+ {[%clk 01:10:00]} {[%emt 00:01:49]} 11. Qxg5
{[%clk 01:15:15]} {[%emt 00:01:19]} Nxg5 {[%clk 01:08:52]} {[%emt 00:01:38]}
12. Nxc7+ {[%clk 01:07:13]} {[%emt 00:08:27]} Kd7 {[%clk 01:08:39]} {[%emt
00:00:49]} 13. Nxa8 {[%clk 01:06:13]} {[%emt 00:01:26]} Nh3# {[%clk 01:08:35]}
{[%emt 00:00:06]} 0-1

[Event "DEM U10w 2025"]
[Site "Willingen GER"]
[Date "2025.06.11"]
[Round "6"]
[White "Bacakova, Johanna"]
[Black "Missova, Dimana"]
[Result "0-1"]
[Termination "normal"]
[Board "17"]
[WhiteElo "1444"]
[BlackElo "945"]
[WhiteClock "00:28:16"]
[BlackClock "01:36:00"]
[PlyCount "94"]
[WhiteFideId "533006849"]
[BlackFideId "533043582"]
[EventCountry "GER"]
[EventRounds "9"]
[EventType "swiss"]
[EventDate "2025.06.07"]

1. e4 {[%clk 01:30:56]} {[%emt 00:00:04]} e5 {[%clk 01:30:56]} {[%emt
00:00:05]} 2. Nf3 {[%clk 01:31:20]} {[%emt 00:00:06]} Nc6 {[%clk 01:31:19]}
{[%emt 00:00:07]} 3. d4 {[%clk 01:31:42]} {[%emt 00:00:08]} exd4 {[%clk
01:31:39]} {[%emt 00:00:10]} 4. Bc4 {[%clk 01:31:56]} {[%emt 00:00:16]} Bc5
{[%clk 01:32:00]} {[%emt 00:00:08]} 5. c3 {[%clk 01:32:11]} {[%emt 00:00:15]}
d3 {[%clk 01:32:19]} {[%emt 00:00:11]} 6. Qxd3 {[%clk 01:30:23]} {[%emt
00:02:18]} d6 {[%clk 01:32:26]} {[%emt 00:00:23]} 7. O-O {[%clk 01:29:10]}
{[%emt 00:01:42]} Nf6 {[%clk 01:32:41]} {[%emt 00:00:16]} 8. Bg5 {[%clk
01:26:39]} {[%emt 00:03:01]} h6 {[%clk 01:32:53]} {[%emt 00:00:19]} 9. Bh4
{[%clk 01:25:37]} {[%emt 00:01:31]} O-O {[%clk 01:33:01]} {[%emt 00:00:21]} 10.
Nbd2 {[%clk 01:23:37]} {[%emt 00:02:30]} Ne5 {[%clk 01:32:30]} {[%emt
00:01:01]} 11. Nxe5 {[%clk 01:21:23]} {[%emt 00:02:44]} dxe5 {[%clk 01:32:48]}
{[%emt 00:00:13]} 12. Qxd8 {[%clk 01:21:05]} {[%emt 00:00:46]} Rxd8 {[%clk
01:33:12]} {[%emt 00:00:08]} 13. Nf3 {[%clk 01:17:05]} {[%emt 00:04:30]} Re8
{[%clk 01:32:43]} {[%emt 00:00:58]} 14. Bxf6 {[%clk 01:16:07]} {[%emt
00:01:28]} gxf6 {[%clk 01:33:04]} {[%emt 00:00:10]} 15. Rfd1 {[%clk 01:12:17]}
{[%emt 00:04:20]} Bg4 {[%clk 01:33:01]} {[%emt 00:00:33]} 16. Rd3 {[%clk
01:11:42]} {[%emt 00:01:04]} Rad8 {[%clk 01:33:08]} {[%emt 00:00:23]} 17. Nh4
{[%clk 01:06:35]} {[%emt 00:05:37]} Rxd3 {[%clk 01:33:05]} {[%emt 00:00:34]}
18. Bxd3 {[%clk 01:06:22]} {[%emt 00:00:42]} Rd8 {[%clk 01:33:06]} {[%emt
00:00:29]} 19. Bc2 {[%clk 01:02:26]} {[%emt 00:04:26]} Rd2 {[%clk 01:33:17]}
{[%emt 00:00:20]} 20. Bb3 {[%clk 01:00:29]} {[%emt 00:02:27]} Bxf2+ {[%clk
01:33:30]} {[%emt 00:00:17]} 21. Kf1 {[%clk 00:59:27]} {[%emt 00:01:30]} Bxh4
{[%clk 01:33:39]} {[%emt 00:00:20]} 22. g3 {[%clk 00:57:43]} {[%emt 00:02:14]}
Bg5 {[%clk 01:33:53]} {[%emt 00:00:17]} 23. h4 {[%clk 00:56:57]} {[%emt
00:01:16]} Be3 {[%clk 01:34:14]} {[%emt 00:00:09]} 24. Ke1 {[%clk 00:50:00]}
{[%emt 00:07:25]} Rxb2 {[%clk 01:34:10]} {[%emt 00:00:35]} 25. Bd1 {[%clk
00:48:37]} {[%emt 00:01:53]} Bxd1 {[%clk 01:33:58]} {[%emt 00:00:42]} 26. Kxd1
{[%clk 00:48:38]} {[%emt 00:00:30]} Rd2+ {[%clk 01:34:08]} {[%emt 00:00:20]}
27. Ke1 {[%clk 00:48:13]} {[%emt 00:00:55]} Rc2 {[%clk 01:34:10]} {[%emt
00:00:27]} 28. a4 {[%clk 00:46:27]} {[%emt 00:02:17]} Rxc3 {[%clk 01:34:25]}
{[%emt 00:00:15]} 29. Ke2 {[%clk 00:45:59]} {[%emt 00:00:58]} Bd4 {[%clk
01:34:28]} {[%emt 00:00:26]} 30. Rb1 {[%clk 00:43:04]} {[%emt 00:03:26]} b6
{[%clk 01:34:39]} {[%emt 00:00:19]} 31. g4 {[%clk 00:41:56]} {[%emt 00:01:37]}
Re3+ {[%clk 01:34:47]} {[%emt 00:00:23]} 32. Kd2 {[%clk 00:40:29]} {[%emt
00:01:56]} Rxe4 {[%clk 01:35:04]} {[%emt 00:00:14]} 33. Kd3 {[%clk 00:37:31]}
{[%emt 00:03:27]} Rxg4 {[%clk 01:35:22]} {[%emt 00:00:11]} 34. Rh1 {[%clk
00:37:34]} {[%emt 00:00:27]} Bf2 {[%clk 01:35:27]} {[%emt 00:00:26]} 35. h5
{[%clk 00:37:00]} {[%emt 00:01:03]} Rxa4 {[%clk 01:35:46]} {[%emt 00:00:12]}
36. Rf1 {[%clk 00:35:47]} {[%emt 00:01:43]} Bc5 {[%clk 01:35:42]} {[%emt
00:00:35]} 37. Rxf6 {[%clk 00:35:15]} {[%emt 00:01:01]} Rd4+ {[%clk 01:35:47]}
{[%emt 00:00:26]} 38. Kc3 {[%clk 00:34:50]} {[%emt 00:00:54]} Kg7 {[%clk
01:36:01]} {[%emt 00:00:16]} 39. Rf3 {[%clk 00:34:14]} {[%emt 00:01:06]} Ra4
{[%clk 01:35:57]} {[%emt 00:00:35]} 40. Kb3 {[%clk 00:32:25]} {[%emt 00:02:18]}
Ra3+ {[%clk 01:36:19]} {[%emt 00:00:08]} 41. Kc4 {[%clk 00:30:43]} {[%emt
00:02:11]} Rxf3 {[%clk 01:36:41]} {[%emt 00:00:08]} 42. Kb5 {[%clk 00:29:44]}
{[%emt 00:01:30]} e4 {[%clk 01:36:44]} {[%emt 00:00:27]} 43. Kc4 {[%clk
00:29:07]} {[%emt 00:01:06]} e3 {[%clk 01:36:51]} {[%emt 00:00:23]} 44. Kd3
{[%clk 00:29:02]} {[%emt 00:00:36]} Rf2 {[%clk 01:36:55]} {[%emt 00:00:25]} 45.
Kc3 {[%clk 00:28:54]} {[%emt 00:00:39]} e2 {[%clk 01:36:50]} {[%emt 00:00:32]}
46. Kd2 {[%clk 00:29:13]} {[%emt 00:00:13]} Bb4+ {[%clk 01:37:05]} {[%emt
00:00:16]} 47. Kd3 {[%clk 00:28:16]} {[%emt 00:01:26]} e1=Q {[%clk 01:36:00]}
{[%emt 00:00:31]} 0-1

[Event "DEM U10w 2025"]
[Site "Willingen GER"]
[Date "2025.06.11"]
[Round "6"]
[White "Winkler, Anni"]
[Black "Braginets, Alisa"]
[Result "1-0"]
[Termination "normal"]
[Board "18"]
[WhiteElo "1659"]
[BlackElo "871"]
[WhiteClock "01:05:27"]
[BlackClock "00:53:06"]
[PlyCount "67"]
[WhiteFideId "34622349"]
[BlackFideId "533041431"]
[EventCountry "GER"]
[EventRounds "9"]
[EventType "swiss"]
[EventDate "2025.06.07"]

1. e4 {[%clk 01:30:57]} {[%emt 00:00:03]} Nf6 {[%clk 01:30:26]} {[%emt
00:00:34]} 2. Nc3 {[%clk 01:30:16]} {[%emt 00:01:10]} e5 {[%clk 01:30:00]}
{[%emt 00:00:56]} 3. Nf3 {[%clk 01:30:18]} {[%emt 00:00:28]} Nc6 {[%clk
01:30:16]} {[%emt 00:00:15]} 4. Bc4 {[%clk 01:30:28]} {[%emt 00:00:21]} Bc5
{[%clk 01:29:37]} {[%emt 00:01:09]} 5. d3 {[%clk 01:29:52]} {[%emt 00:01:05]}
d6 {[%clk 01:27:49]} {[%emt 00:02:17]} 6. O-O {[%clk 01:29:55]} {[%emt
00:00:29]} Be6 {[%clk 01:26:22]} {[%emt 00:01:56]} 7. Bxe6 {[%clk 01:29:38]}
{[%emt 00:00:49]} fxe6 {[%clk 01:26:38]} {[%emt 00:00:12]} 8. Ne2 {[%clk
01:28:03]} {[%emt 00:01:55]} O-O {[%clk 01:25:46]} {[%emt 00:01:32]} 9. Ng3
{[%clk 01:26:28]} {[%emt 00:02:04]} d5 {[%clk 01:23:23]} {[%emt 00:02:50]} 10.
exd5 {[%clk 01:25:53]} {[%emt 00:01:10]} exd5 {[%clk 01:23:13]} {[%emt
00:00:39]} 11. Re1 {[%clk 01:22:48]} {[%emt 00:03:35]} Re8 {[%clk 01:21:52]}
{[%emt 00:01:48]} 12. c3 {[%clk 01:22:27]} {[%emt 00:00:55]} e4 {[%clk
01:18:53]} {[%emt 00:03:28]} 13. dxe4 {[%clk 01:14:30]} {[%emt 00:08:28]} dxe4
{[%clk 01:18:23]} {[%emt 00:00:59]} 14. Qb3+ {[%clk 01:14:43]} {[%emt
00:00:17]} Kf8 {[%clk 01:16:50]} {[%emt 00:02:00]} 15. Ng5 {[%clk 01:14:24]}
{[%emt 00:00:47]} Qd7 {[%clk 01:15:24]} {[%emt 00:01:55]} 16. N5xe4 {[%clk
01:13:40]} {[%emt 00:01:20]} Bb6 {[%clk 01:12:37]} {[%emt 00:01:50]} 17. Bg5
{[%clk 01:11:33]} {[%emt 00:03:58]} Nxe4 {[%clk 01:09:12]} {[%emt 00:04:01]}
18. Nxe4 {[%clk 01:09:00]} {[%emt 00:03:04]} Rxe4 {[%clk 01:08:23]} {[%emt
00:01:19]} 19. Rxe4 {[%clk 01:07:45]} {[%emt 00:01:45]} Qf7 {[%clk 01:06:43]}
{[%emt 00:02:08]} 20. Rf4 {[%clk 01:06:54]} {[%emt 00:01:17]} Qxf4 {[%clk
01:06:32]} {[%emt 00:00:45]} 21. Bxf4 {[%clk 01:07:08]} {[%emt 00:00:18]} Re8
{[%clk 01:05:25]} {[%emt 00:01:10]} 22. Qc2 {[%clk 01:06:24]} {[%emt 00:01:21]}
Re7 {[%clk 01:02:11]} {[%emt 00:04:02]} 23. g3 {[%clk 01:06:20]} {[%emt
00:00:37]} Rf7 {[%clk 00:59:42]} {[%emt 00:02:58]} 24. Re1 {[%clk 01:06:20]}
{[%emt 00:00:27]} Ne7 {[%clk 00:59:35]} {[%emt 00:00:41]} 25. Qxh7 {[%clk
01:06:23]} {[%emt 00:00:26]} Rxf4 {[%clk 00:59:02]} {[%emt 00:01:03]} 26. gxf4
{[%clk 01:06:21]} {[%emt 00:00:33]} c6 {[%clk 00:57:55]} {[%emt 00:01:35]} 27.
f5 {[%clk 01:06:10]} {[%emt 00:00:39]} Nd5 {[%clk 00:56:39]} {[%emt 00:01:49]}
28. Qh8+ {[%clk 01:06:05]} {[%emt 00:00:35]} Kf7 {[%emt 00:00:43]} 29. Qe8+
{[%emt 00:00:23]} Kf6 {[%clk 00:55:20]} {[%emt 00:00:42]} 30. Re6+ {[%clk
01:06:00]} {[%emt 00:00:33]} Kxf5 {[%clk 00:54:13]} {[%emt 00:01:39]} 31. Qf7+
{[%clk 01:06:05]} {[%emt 00:00:17]} Kg5 {[%clk 00:53:41]} {[%emt 00:01:10]} 32.
Rg6+ {[%clk 01:06:12]} {[%emt 00:00:23]} Kh4 {[%clk 00:53:04]} {[%emt
00:01:07]} 33. Qxg7 {[%clk 01:05:46]} {[%emt 00:00:59]} Kh3 {[%clk 00:53:06]}
{[%emt 00:00:26]} 34. Qh7# {[%clk 01:05:27]} {[%emt 00:00:16]} 1-0

[Event "DEM U10w 2025"]
[Site "Willingen GER"]
[Date "2025.06.11"]
[Round "6"]
[White "Reichel, Anneke"]
[Black "Quauck, Johanna"]
[Result "1-0"]
[Termination "normal"]
[Board "19"]
[WhiteElo "890"]
[BlackElo "973"]
[WhiteClock "00:51:22"]
[BlackClock "00:12:10"]
[PlyCount "71"]
[WhiteFideId "533043612"]
[BlackFideId "533043604"]
[EventCountry "GER"]
[EventRounds "9"]
[EventType "swiss"]
[EventDate "2025.06.07"]

1. e4 {[%clk 01:30:58]} {[%emt 00:00:02]} e5 {[%clk 01:30:50]} {[%emt
00:00:10]} 2. Nf3 {[%clk 01:31:24]} {[%emt 00:00:05]} Nc6 {[%clk 01:31:13]}
{[%emt 00:00:07]} 3. d4 {[%clk 01:31:49]} {[%emt 00:00:04]} exd4 {[%clk
01:31:30]} {[%emt 00:00:12]} 4. Nxd4 {[%clk 01:32:14]} {[%emt 00:00:05]} Bc5
{[%clk 01:31:47]} {[%emt 00:00:13]} 5. Be3 {[%clk 01:32:39]} {[%emt 00:00:05]}
Qf6 {[%clk 01:32:04]} {[%emt 00:00:14]} 6. c3 {[%clk 01:33:05]} {[%emt
00:00:05]} Nge7 {[%clk 01:32:18]} {[%emt 00:00:15]} 7. Bc4 {[%clk 01:33:28]}
{[%emt 00:00:06]} d6 {[%clk 01:32:34]} {[%emt 00:00:14]} 8. O-O {[%emt
00:00:41]} O-O {[%clk 01:32:54]} {[%emt 00:00:07]} 9. Re1 {[%clk 01:33:34]}
{[%emt 00:00:16]} Be6 {[%clk 01:33:00]} {[%emt 00:00:25]} 10. Bb3 {[%clk
01:33:46]} {[%emt 00:00:17]} a6 {[%clk 01:28:45]} {[%emt 00:04:46]} 11. Rf1
{[%clk 01:33:38]} {[%emt 00:00:35]} d5 {[%clk 01:25:18]} {[%emt 00:04:01]} 12.
Bc2 {[%clk 01:30:28]} {[%emt 00:03:39]} Qe5 {[%clk 01:22:39]} {[%emt 00:03:08]}
13. f4 {[%clk 01:29:29]} {[%emt 00:01:30]} Qd6 {[%clk 01:22:00]} {[%emt
00:01:08]} 14. e5 {[%clk 01:28:06]} {[%emt 00:01:52]} Qd8 {[%clk 01:20:56]}
{[%emt 00:01:36]} 15. Nd2 {[%clk 01:24:34]} {[%emt 00:04:01]} b6 {[%clk
01:15:58]} {[%emt 00:05:29]} 16. Qe2 {[%clk 01:23:22]} {[%emt 00:01:41]} Qc8
{[%clk 01:12:10]} {[%emt 00:04:18]} 17. Qe1 {[%clk 01:20:46]} {[%emt 00:03:06]}
f6 {[%clk 01:10:21]} {[%emt 00:02:20]} 18. f5 {[%clk 01:12:54]} {[%emt
00:08:21]} Bd7 {[%clk 01:09:32]} {[%emt 00:01:19]} 19. e6 {[%clk 01:09:26]}
{[%emt 00:03:58]} Be8 {[%clk 01:09:29]} {[%emt 00:00:33]} 20. Qh4 {[%clk
01:07:50]} {[%emt 00:01:56]} Ne5 {[%clk 01:05:01]} {[%emt 00:05:09]} 21. b4
{[%clk 01:04:55]} {[%emt 00:03:23]} Bb5 {[%clk 01:01:35]} {[%emt 00:03:57]} 22.
Rf2 {[%clk 01:00:38]} {[%emt 00:04:47]} Bxd4 {[%clk 00:57:25]} {[%emt
00:04:40]} 23. Bxd4 {[%clk 00:57:09]} {[%emt 00:04:00]} Nd3 {[%clk 00:55:38]}
{[%emt 00:02:17]} 24. Rf3 {[%clk 00:55:44]} {[%emt 00:01:54]} Nb2 {[%clk
00:53:23]} {[%emt 00:02:45]} 25. Rg3 {[%clk 00:54:44]} {[%emt 00:01:29]} Kh8
{[%clk 00:47:04]} {[%emt 00:06:48]} 26. Nf3 {[%clk 00:50:11]} {[%emt 00:05:04]}
Re8 {[%clk 00:29:02]} {[%emt 00:18:33]} 27. Qg4 {[%clk 00:49:52]} {[%emt
00:00:47]} Rg8 {[%clk 00:27:11]} {[%emt 00:02:23]} 28. Ne5 {[%clk 00:49:46]}
{[%emt 00:00:34]} fxe5 {[%emt 00:10:31]} 29. Bxe5 {[%clk 00:50:05]} {[%emt
00:00:02]} Qf8 {[%clk 00:16:56]} {[%emt 00:00:55]} 30. Rf1 {[%clk 00:50:12]}
{[%emt 00:00:24]} Bxf1 {[%clk 00:17:11]} {[%emt 00:00:15]} 31. Kxf1 {[%clk
00:50:34]} {[%emt 00:00:07]} Nc4 {[%clk 00:14:50]} {[%emt 00:02:52]} 32. Bd4
{[%clk 00:50:59]} {[%emt 00:00:05]} Nd2+ {[%clk 00:13:42]} {[%emt 00:01:39]}
33. Kg1 {[%clk 00:50:59]} {[%emt 00:00:29]} Ne4 {[%clk 00:13:09]} {[%emt
00:01:04]} 34. Bxe4 {[%clk 00:50:55]} {[%emt 00:00:35]} dxe4 {[%clk 00:13:07]}
{[%emt 00:00:32]} 35. Rh3 {[%clk 00:51:12]} {[%emt 00:00:07]} h6 {[%clk
00:12:10]} {[%emt 00:01:33]} 36. Rxh6# {[%clk 00:51:22]} {[%emt 00:00:20]} 1-0

[Event "DEM U10w 2025"]
[Site "Willingen GER"]
[Date "2025.06.11"]
[Round "6"]
[White "Jodalli, Aarna"]
[Black "Kasperczyk, Sara"]
[Result "1-0"]
[Termination "normal"]
[Board "20"]
[WhiteElo "898"]
[BlackElo "784"]
[WhiteClock "01:15:33"]
[BlackClock "01:14:44"]
[PlyCount "35"]
[WhiteFideId "533043566"]
[BlackFideId "533043574"]
[EventCountry "GER"]
[EventRounds "9"]
[EventType "swiss"]
[EventDate "2025.06.07"]

1. e4 {[%clk 01:30:58]} c6 {[%clk 01:30:46]} {[%emt 00:00:15]} 2. d4 {[%clk
01:31:20]} {[%emt 00:00:08]} d5 {[%clk 01:30:56]} {[%emt 00:00:20]} 3. Nc3
{[%clk 01:31:37]} {[%emt 00:00:13]} e6 {[%clk 01:30:05]} {[%emt 00:01:21]} 4.
Nf3 {[%clk 01:31:29]} {[%emt 00:00:37]} Bb4 {[%clk 01:29:55]} {[%emt 00:00:41]}
5. Bd2 {[%clk 01:31:24]} {[%emt 00:00:35]} Nf6 {[%clk 01:29:35]} {[%emt
00:00:50]} 6. e5 {[%clk 01:31:16]} {[%emt 00:00:38]} Ne4 {[%clk 01:28:54]}
{[%emt 00:01:11]} 7. Bd3 {[%clk 01:29:51]} {[%emt 00:01:54]} Nxd2 {[%clk
01:27:26]} {[%emt 00:01:58]} 8. Qxd2 {[%clk 01:29:19]} {[%emt 00:00:59]} O-O
{[%clk 01:27:14]} {[%emt 00:00:44]} 9. a3 {[%clk 01:28:42]} {[%emt 00:01:08]}
Bxc3 {[%clk 01:26:24]} {[%emt 00:01:19]} 10. Qxc3 {[%clk 01:28:46]} {[%emt
00:00:26]} f6 {[%clk 01:25:30]} {[%emt 00:01:24]} 11. O-O {[%clk 01:27:13]}
{[%emt 00:02:03]} Nd7 {[%clk 01:21:00]} {[%emt 00:05:01]} 12. Qd2 {[%clk
01:24:19]} {[%emt 00:03:21]} Qc7 {[%clk 01:20:27]} {[%emt 00:01:06]} 13. Rae1
{[%clk 01:22:52]} {[%emt 00:01:56]} f5 {[%clk 01:18:05]} {[%emt 00:02:53]} 14.
Ng5 {[%clk 01:19:47]} {[%emt 00:03:24]} Re8 {[%clk 01:17:24]} {[%emt 00:01:22]}
15. Qe2 {[%clk 01:17:47]} {[%emt 00:02:28]} Qb6 {[%clk 01:16:57]} {[%emt
00:00:57]} 16. Qh5 {[%clk 01:15:51]} {[%emt 00:02:24]} g6 {[%clk 01:15:35]}
{[%emt 00:01:57]} 17. Qxh7+ {[%clk 01:15:58]} {[%emt 00:00:23]} Kf8 {[%clk
01:14:44]} {[%emt 00:01:21]} 18. Qf7# {[%clk 01:15:33]} {[%emt 00:00:23]} 1-0